| 000 | 01093nam a2200337 i 4500 | ||
|---|---|---|---|
| 001 | bg | ||
| 003 | KOSZ 005 | ||
| 005 | 20230201114946.0 | ||
| 008 | 960707s1997 pl |000 0 pol d | ||
| 020 | _a8390510669 | ||
| 040 |
_cKOSZ 005/HR _aKOSZ 005/HR _dKOSZ 005/HR |
||
| 046 | _k1997 | ||
| 080 | _a659.3/.4 | ||
| 080 | _a32.019.5 | ||
| 080 | _a316.77 | ||
| 100 | 1 |
_aDrzycimski, Andrzej _d(1942- ) _eAutor |
|
| 245 | 1 | 0 |
_aSztuka kształtowania wizerunku / _cAndrzej Drzycimski wraz z zespołem. |
| 260 |
_aWarszawa : _b[Business Press, _c1997]. |
||
| 300 |
_a326,[4] s. : _brys. ; _c21 cm. |
||
| 380 | _aKsiążki | ||
| 490 | 1 | _aBusinessman Book | |
| 504 | _aBibliogr. [328-329]. | ||
| 658 | _aMedia i komunikacja społeczna | ||
| 650 | 4 | _aKomunikacja interpersonalna | |
| 650 | 4 | _aŚrodki masowego przekazu | |
| 650 | 4 | _aPublic relations | |
| 650 | 4 | _aMarketing polityczny | |
| 856 |
_uhttp://koha.tu.koszalin.pl/cgi-bin/koha/opac-detail.pl?biblionumber=31798 _yKatalog online BPK |
||
| 830 | _aBusinessman Book | ||
| 942 |
_cKS _2UKD |
||
| 999 |
_c31798 _d31798 |
||